Financial markets and institutions / (Record no. 28832)

MARC details
000 -LEADER
fixed length control field 00955nam a22002535a 4500
005 - DATE AND TIME OF LATEST TRANSACTION
control field 2009080103243.0
008 - FIXED-LENGTH DATA ELEMENTS--GENERAL INFORMATION
fixed length control field 090731s2009 mnu 000 0 eng
010 ## - LCCN (DPL NO)
LC control number ENG-94611
020 ## - INTERNATIONAL STANDARD BOOK NUMBER
International Standard Book Number 8182091845
Terms of availability 395.00
020 ## - INTERNATIONAL STANDARD BOOK NUMBER
International Standard Book Number 9788182091849
Terms of availability 395.00
035 ## - SYSTEM CONTROL NUMBER
System control number EN-78144
037 ## - SOURCE OF ACQUISITION
Source of stock number/acquisition DBAD / PUB
040 ## - CATALOGING SOURCE
Original cataloging agency dpl
Language of cataloging English
082 ## - DEWEY DECIMAL CLASSIFICATION NUMBER
Classification number 332.1
100 ## - MAIN ENTRY--PERSONAL NAME
Personal name Gurusamy, S.
245 ## - TITLE STATEMENT
Title Financial markets and institutions /
Statement of responsibility, etc by S. Gurusamy
250 ## - EDITION STATEMENT
Edition statement 2nd ed.
260 ## - PUBLICATION, DISTRIBUTION, ETC. (IMPRINT)
Place of publication, distribution, etc Noida (UP)
Name of publisher, distributor, etc McGraw-Hill Eduction
Date of publication, distribution, etc 2008
270 ## - ADDRESS
Address B-4, Sector-63, Dist. Gautam Budh Nagar, Noida,
City Uttar Pradesh
Postal code 201301
300 ## - PHYSICAL DESCRIPTION
Extent xxiv, 702p.
Dimensions 25cm(pbk)
500 ## - GENERAL NOTE
General note Includes glossary, bibliographical references and index
942 ## - ADDED ENTRY ELEMENTS (KOHA)
Source of classification or shelving scheme Dewey Decimal Classification
Item type English Books
Classification part 332.1
Call number suffix GUR
Holdings
Withdrawn status Lost status Source of classification or shelving scheme Damaged status Not for loan Collection code Home library Current library Date acquired Source of acquisition Cost, normal purchase price Total Checkouts Full call number Barcode Date last seen Copy number Cost, replacement price Koha item type
    Dewey Decimal Classification   Not For Loan Non-fiction D.B.Act.Division D.B.Act.Division 01/08/2009 DBAD / PUB 395.00   332.1 GUR EN-78144 01/08/2009 1 395.00 English Books

© Delhi Public Library
Hit Counter
free hit counter